আমি স্মৃতি আমি ইতিহাস / (Record no. 7310)
[ view plain ]
| 000 -LEADER | |
|---|---|
| fixed length control field | 00685nam a22002177a 4500 |
| 001 - CONTROL NUMBER | |
| JCCL Control Number | 7310 |
| 003 - CONTROL NUMBER IDENTIFIER | |
| JCCL marc code | BD-JhCC |
| 005 - DATE AND TIME OF LATEST TRANSACTION | |
| control field | 20180207181439.0 |
| 008 - FIXED-LENGTH DATA ELEMENTS--GENERAL INFORMATION | |
| fixed length control field | 180207s1974 bg |||| |||| 00| 0 ben d |
| 035 ## - SYSTEM CONTROL NUMBER | |
| system control number | (BD-JhCC)7310 |
| 040 ## - CATALOGING SOURCE | |
| Original cataloging agency | BD-JhCC |
| Modifying agency | BD-JhCC |
| 041 ## - LANGUAGE CODE | |
| Language code of Book | eng |
| 082 ## - DEWEY DECIMAL CLASSIFICATION NUMBER | |
| Classification number | 891.4409 |
| Author mark and Year | ISL 1974 |
| 100 ## - MAIN ENTRY--PERSONAL NAME | |
| Personal name | ইসলাম, মোজহারুল |
| 245 ## - TITLE STATEMENT | |
| Title | আমি স্মৃতি আমি ইতিহাস / |
| Statement of responsibility, etc | মোজহারুল ইসলাম |
| 260 ## - PUBLICATION, DISTRIBUTION, ETC. (IMPRINT) | |
| Place of publication, distribution, etc | ঢাকা : |
| Name of publisher, distributor, etc | বুক সোসাইটি, |
| Date of publication, distribution, etc | ১৯৭৪. |
| 300 ## - PHYSICAL DESCRIPTION | |
| Pagination | ৫৮৫ পৃ. : |
| Dimensions | ২১ সেমি. |
| 650 ## - SUBJECT ADDED ENTRY--TOPICAL TERM | |
| Topical term or geographic name as entry element | Bengali Literature |
| 942 ## - ADDED ENTRY ELEMENTS (KOHA) | |
| Source of classification or shelving scheme | Dewey Decimal Classification |
| Koha item type | Books |
| Source of classification or shelving scheme | Damaged status | Not for loan | Home library | Current library | Shelving location | Date of accession | Total Checkouts | Full call number | Barcode | Date last seen | Copy number | Koha item type |
|---|---|---|---|---|---|---|---|---|---|---|---|---|
| Dewey Decimal Classification | JCC Rouf Library | JCC Rouf Library | General Stacks | 02/07/2018 | 891.4409 ISL 1974 | 9826 | 02/07/2018 | C - 1 | Books |